| 000 | 00711nam a22002417a 4500 | ||
|---|---|---|---|
| 005 | 20221027143236.0 | ||
| 008 | 180514b xxu||||| |||| 00| 0 eng d | ||
| 020 |
_a9789332551831 _cRs.559.00 |
||
| 040 | _aLoreto College | ||
| 041 | _aEnglish | ||
| 082 |
_a158.3 _bGIB |
||
| 100 | _aGibson,Robert L. | ||
| 245 |
_aIntroduction to counseling and guidance _cRobert L.Gibson and Marianne H.Mitchell |
||
| 250 | _a7th ed | ||
| 260 |
_aNoida _bPearson India Education _c2015 |
||
| 300 |
_axviii,523p _b22cm |
||
| 504 | _aIncludes bibliographical references and index | ||
| 650 | _aCounseling | ||
| 650 | _aCounseling, psychology | ||
| 700 |
_4Auth _aMitchell,Marianne H. |
||
| 850 | _aLCLIB | ||
| 942 | _cBK | ||
| 999 |
_c41566 _d92045 |
||